| 000 | 00484nam a2200205Ia 4500 | ||
|---|---|---|---|
| 008 | 170918s9999 xx 000 0 und d | ||
| 020 | _a9780545243254 | ||
| 050 | _bR456 2009 | ||
| 100 | _aRey, Margaret | ||
| 245 | _aCurious George : | ||
| 245 | _bplats a tree / | ||
| 245 | _cby margaret & H. A. Rey. | ||
| 260 | _aNew York : | ||
| 260 | _bScholastic, | ||
| 260 | _c2009 | ||
| 300 | _aunpaged : | ||
| 300 | _bcolored illustration ; | ||
| 300 | _c20cm. | ||
| 500 | _a580 | ||
| 999 |
_c343178 _d343178 |
||